000
00263nam a22001217a 4500
008
180122b xxu||||| |||| 00| 0 eng d
041
_a
eng
080
_a
32
100
_a
22
101
_a
POL
245
_a
TEN LOST YEARS 1929-1939
_c
BARRY.B
942
_2
udc
_c
BK
999
_c
40678
_d
40678